000 00449nam a2200169 4500
001 10896
007 tu
008 s1969||||||| ger
100 1 _aHoffmann, Erich
245 0 4 _aDie Maße für Heringstonnen im alten Frankfurt
_cErich Hoffmann
264 _bkeiner
264 _aFrankfurt (Oder)
_c1969
300 _a12 S.
365 _cDEM
440 0 _aStudien zur älteren Geschichte Frankfurts
_v11
_wR1005
546 _adeutsch
999 _c71762
_d71762